000 00368nam a22001217a 4500
008 230609b xxu||||| |||| 00| 0 eng d
082 _a354.676
_bGOK
110 _bGoK
245 _a2012/2013 Estimates of Development Expenditure of the GoK For the year Ending 30th June, 2013
_bJune, 2012
260 _aNairobi, Kenya
_bGoK
_cJune, 2012
300 _a397p
942 _2ddc
_cBK
999 _c890
_d890